| 000 | 00663nam a2200217 i 4500 | ||
|---|---|---|---|
| 001 | 92112 | ||
| 003 | ES-MaACL | ||
| 005 | 20230906180911.0 | ||
| 007 | t| | ||
| 008 | 050221s1979 sp ||||1| spa d | ||
| 100 | 1 |
_aLezama Lima, José. _972118 |
|
| 245 | 1 | 0 |
_aCartas (1939-1976) / _cJosé Lezama Lima; introducción y edición de Eloísa Lezama Lima. |
| 250 | _a[1ª ed.]. | ||
| 260 |
_a[Madrid] : _bOrígenes, _c[1979] |
||
| 300 |
_a291 p. : _bil. ; _c20 cm. |
||
| 490 | 1 | _aTratados de testimonio | |
| 700 | 1 |
_aLezama Lima, Eloísa. _972117 |
|
| 830 | 0 |
_aTratados de testimonio _9192807 |
|
| 852 |
_aES-MaACL _jL-6819 _bR.107647 |
||
| 999 |
_c92112 _d92112 |
||